<?xml version="1.0" encoding="UTF-8"?>
<marc:record xmlns:marc="http://www.loc.gov/MARC21/slim">
   <marc:leader>00000nam a2200000 a 4500</marc:leader>
   <marc:datafield ind1="1" ind2=" " tag="100">
      <marc:subfield code="a">Riordan, Rick</marc:subfield>
      <marc:subfield code="4">aut</marc:subfield>
      <marc:subfield code="e">Verfasser/-in</marc:subfield>
   </marc:datafield>
   <marc:datafield ind1="0" ind2="0" tag="245">
      <marc:subfield code="a">Der verschwundene Halbgott</marc:subfield>
   </marc:datafield>
   <marc:datafield ind1=" " ind2="1" tag="264">
      <marc:subfield code="b">Carlsen</marc:subfield>
      <marc:subfield code="c">2012</marc:subfield>
   </marc:datafield>
   <marc:datafield ind1="1" ind2=" " tag="490">
      <marc:subfield code="a">Helden des Olymp</marc:subfield>
   </marc:datafield>
   <marc:datafield ind1="1" ind2=" " tag="520">
      <marc:subfield code="a">Jason erinnert sich an gar nichts – nicht einmal an seine besten Freunde Piper und Leo. Und was hat er in Camp Half-Blood zu suchen, wo angeblich nur Kinder von griechischen Göttern aufgenommen werden? Zu allem Überfluss gehören die drei Freunde laut Prophezeiung zu den legendären sieben Halbgöttern, die den Olymp vor dem Untergang bewahren sollen. Kein Problem – Leo treibt einen mechanischen Drachen als Transportmittel auf und los geht’s! Und dann gilt es auch noch einen seit längerem verschwundenen Halbgott zu finden, einen gewissen Percy Jackson ...</marc:subfield>
   </marc:datafield>
   <marc:datafield ind1=" " ind2=" " tag="020">
      <marc:subfield code="a">9783551556011</marc:subfield>
      <marc:subfield code="9">9783551556011</marc:subfield>
   </marc:datafield>
</marc:record>
